Glencoe advanced mathematical concepts : (Record no. 9442)
[ view plain ]
| 000 -LEADER | |
|---|---|
| fixed length control field | 00679nam a22002057a 4500 |
| 003 - CONTROL NUMBER IDENTIFIER | |
| control field | SISC |
| 005 - DATE AND TIME OF LATEST TRANSACTION | |
| control field | 20160224135442.0 |
| 008 - FIXED-LENGTH DATA ELEMENTS--GENERAL INFORMATION | |
| fixed length control field | 130824t xxu||||| |||| 00| 0 eng d |
| 020 ## - INTERNATIONAL STANDARD BOOK NUMBER | |
| International Standard Book Number | 0028341759 |
| 050 ## - LIBRARY OF CONGRESS CALL NUMBER | |
| Classification number | QA 159 |
| Item number | .H739 2001 |
| 082 ## - DEWEY DECIMAL CLASSIFICATION NUMBER | |
| Classification number | HS 512.1 |
| Item number | Ad9 2001 |
| 100 ## - MAIN ENTRY--PERSONAL NAME | |
| Personal name | Holliday, Berchie |
| 9 (RLIN) | 13634 |
| 245 ## - TITLE STATEMENT | |
| Title | Glencoe advanced mathematical concepts : |
| Remainder of title | precalculus with applications / |
| Statement of responsibility, etc | Berchie Holliday, Gilbert J. Cuevas, Melissa S. McClure, John A. Carter, Daniel Marks |
| 260 ## - PUBLICATION, DISTRIBUTION, ETC. (IMPRINT) | |
| Place of publication, distribution, etc | New York : |
| Name of publisher, distributor, etc | McGraw-Hill, |
| Date of publication, distribution, etc | 2001. |
| 300 ## - PHYSICAL DESCRIPTION | |
| Extent | xiv, 983p. : |
| Other physical details | col. : ill ; |
| Dimensions | 26 cm. |
| 562 ## - COPY AND VERSION IDENTIFICATION NOTE | |
| Number of copies | 1 |
| 600 ## - SUBJECT ADDED ENTRY--PERSONAL NAME | |
| Personal name | Gilvert J. Cuevas |
| 9 (RLIN) | 13635 |
| 942 ## - ADDED ENTRY ELEMENTS (KOHA) | |
| Source of classification or shelving scheme | Library of Congress Classification |
| Koha item type | Books |
| Withdrawn status | Lost status | Source of classification or shelving scheme | Damaged status | Home library | Current library | Shelving location | Date acquired | Total Checkouts | Full call number | Barcode | Date last seen | Copy number | Price effective from | Koha item type |
|---|---|---|---|---|---|---|---|---|---|---|---|---|---|---|
| Library of Congress Classification | Luxembourg Library | Luxembourg Library | High School Section | 08/24/2013 | QA 159 .H739 2001 | 11815 | 08/24/2013 | 1 | 08/24/2013 | Books |